| 000 | 00647nam a2200193 i 4500 | ||
|---|---|---|---|
| 001 | 102357 | ||
| 003 | ES-MaACL | ||
| 005 | 20251012063045.0 | ||
| 007 | t| | ||
| 008 | 051110q1917 sp ||||1| spa d | ||
| 100 | 1 |
_aMerchán, Rafael María, _d1844-1905 _980454 |
|
| 245 | 1 | 0 |
_aEstudios críticos / _cRafael M. Merchán; prólogo de Don Antonio Gómez Restrepo. |
| 260 |
_aMadrid : _bAmérica, _c[1917?] |
||
| 300 |
_a293 p. ; _c20 cm. |
||
| 700 | 1 |
_aGómez Restrepo, Antonio, _d1869-1947 _958130 |
|
| 852 |
_aES-MaACL _jC-27856 _bR.56984 _z.- Donat. José Antonio Llardent |
||
| 852 |
_aES-MaACL _jF-8274 |
||
| 999 |
_c102357 _d102357 |
||